| 000 | 00513nam a2200181 a 4500 | ||
|---|---|---|---|
| 001 | 000009746 | ||
| 005 | 20240412074212.0 | ||
| 008 | 091001s2001 dr 000 0 spa d | ||
| 040 | _aDO-SdBNP | ||
| 082 |
_aRD861.5 _bB957m |
||
| 100 | 1 |
_aBurgos C., Alba Estela _924648 |
|
| 245 | 1 | 0 |
_aMi sentir : _b(poesias) / _cAlba Estela Burgos C. |
| 260 |
_aSanto Domingo : _bSoto Castillo, _c2001. |
||
| 300 |
_a86 p. ; _c22 cm. |
||
| 650 | 0 |
_aPoesÃa dominicana _966 |
|
| 650 | 0 |
_aLiteratura dominicana. _967 |
|
| 049 | _aBNPD | ||
| 999 |
_c9506 _d9506 |
||